السعاية في كشف مافي شرح الوقاية / al-Siʻāyah fī kashf mā fī sharḥ al-wiqāyah / (Record no. 80705)
[ view plain ]
| 000 -LEADER | |
|---|---|
| fixed length control field | 01077nam a2200253 i 4500 |
| 001 - CONTROL NUMBER | |
| control field | 80705 |
| 003 - CONTROL NUMBER IDENTIFIER | |
| rucl marc code | BD-RjUL |
| 005 - DATE AND TIME OF LATEST TRANSACTION | |
| control field | 20221103124420.0 |
| 008 - FIXED-LENGTH DATA ELEMENTS--GENERAL INFORMATION | |
| fixed length control field | 221103s1976 pk ||| | ara d |
| 035 ## - SYSTEM CONTROL NUMBER | |
| System control number | (BD-RjUL)80705 |
| 040 ## - CATALOGING SOURCE | |
| Original cataloging agency | UkOxU |
| Language of cataloging | eng |
| Description conventions | rda |
| Transcribing agency | UkOxU |
| 041 ## - LANGUAGE CODE | |
| Language code of text/sound track or separate title | ara |
| 082 ## - DEWEY DECIMAL CLASSIFICATION NUMBER | |
| Edition number | 23 |
| Classification number | 340.59 |
| Author mark and year | LAS 1976 |
| 100 0# - MAIN ENTRY--PERSONAL NAME | |
| Personal name | لكنوي, أبو الحسنات محمد عبد الحي Laknawī, # Abī al-Ḥasanāt Muḥammad Abd al-Ḥay al-. |
| Dates associated with a name | 1848-1886 or 1887, |
| Relator term | author. |
| 9 (RLIN) | 5695 |
| 245 14 - TITLE STATEMENT | |
| Title | السعاية في كشف مافي شرح الوقاية / al-Siʻāyah fī kashf mā fī sharḥ al-wiqāyah / |
| Statement of responsibility, etc. | أبي الحسنات محمد عبد الحي اللكنوي. # Abī al-Ḥasanāt Muḥammad Abd al-Ḥay al-Laknawī. |
| 250 ## - EDITION STATEMENT | |
| Edition statement | 2nd.ed. |
| 264 #1 - PRODUCTION, PUBLICATION, DISTRIBUTION, MANUFACTURE, AND COPYRIGHT NOTICE | |
| Place of production, publication, distribution, manufacture | لاهور, باكستان : Lāhūr, Bākistān : |
| Name of producer, publisher, distributor, manufacturer | سهيل اكاديمي, Suhīl Akīdīmī, |
| Date of production, publication, distribution, manufacture, or copyright notice | 1987. |
| 300 ## - PHYSICAL DESCRIPTION | |
| Pagination | 2 volumes in one ; |
| Size | 29 cm |
| 338 ## - CARRIER TYPE | |
| Carrier type term | volume |
| Source | rdacarrier |
| 500 ## - GENERAL NOTE | |
| General note | Added title page in English. |
| 650 #0 - SUBJECT ADDED ENTRY--TOPICAL TERM | |
| Topical term or geographic name as entry element | Islamic law. |
| Topical term or geographic name as entry element | Hanafites |
| 942 ## - ADDED ENTRY ELEMENTS (KOHA) | |
| Source of classification or shelving scheme | Dewey Decimal Classification |
| Koha item type | Books |
| Lost status | Source of classification or shelving scheme | Damaged status | Not for loan | Collection code | Permanent Location | Current Location | Shelving location | Date acquired | Source of acquisition | Cost, normal purchase price | Total Checkouts | Full call number | Date last seen | Copy number | Koha item type |
|---|---|---|---|---|---|---|---|---|---|---|---|---|---|---|---|
| Dewey Decimal Classification | Not For Loan | Non-fiction | Central Library, University of Rajshahi | Central Library, University of Rajshahi | Reading Room | 16/06/1996 | Sawdia Kutub Khanah, Dhaka | 680.00 | A 340.59 LAS V-1-2 1976 | 03/11/2022 | C-1 | Books |